| 000 | 00407 a2200169 4500 | ||
|---|---|---|---|
| 001 | 184656 | ||
| 020 | _a85-08-05874-8 | ||
| 040 | _cMagnum | ||
| 100 | _aRocha, Ruth | ||
| 240 | 1 | 0 |
_aAlvinho, a apresentadora de tv e o campeão _lpor |
| 245 | 1 | 0 | _aAlvinho, a apresentadora de tv e o campeão |
| 300 | _a40 | ||
| 362 | 0 | _a2004 | |
| 440 | 1 | _aÁtica | |
| 697 | _aLITERATURA INFANTO-JUVENIL | ||
| 942 | _cBK | ||
| 999 |
_c184656 _d184656 |
||